Normal view MARC view
  • Duffie, John A

Entry Personal Name

Number of records used in: 2

001 - CONTROL NUMBER

  • control field: 83600

003 - CONTROL NUMBER IDENTIFIER

  • control field: NUST

005 - DATE AND TIME OF LATEST TRANSACTION

  • control field: 20211101111853.0

008 - FIXED-LENGTH DATA ELEMENTS

  • fixed length control field: 211101|| aca||aabn | a|a d

040 ## - CATALOGING SOURCE

  • Original cataloging agency: NUST
  • Transcribing agency: NUST

100 ## - HEADING--PERSONAL NAME

  • Personal name: Duffie, John A

670 ## - SOURCE DATA FOUND

  • Source citation: Work cat.: (NUST)33001: Duffie, John A., Solar engineering of thermal processes /, c2006.
© 2023 Central Library, National University of Sciences and Technology. All Rights Reserved.